000
00293nam a2200145Ia 4500
100
_a
Russel R.S
250
_a
4
942
_c
BK
654
_a
management
245
_a
Operations Management
260
_b
Pearson Edu
_c
2003
082
_a
658.4034
_b
RUS
300
_a
824
546
_a
ENGLISH
999
_c
32024
_d
32024